000 00520nam a2200193Ia 4500
005 20250923144257.0
008 008 250917s9999 xx 000 0 eng d
037 _aTextual
040 _aDSWL
_beng
_cDSWL
041 _aeng
_2eng
084 _aY1, H7
_qDSWL
245 0 _aNew outline of the principles of sociology
_cEd.by Alfred Mcclung Lee
260 _aNew York
_bYokr
_c1947
300 _a355 p.
365 _aINR
_b11.4
925 _g11.4
942 _cTEXL
_hY1, H7
999 _c1436915
_d1436915